000 00559 a2200181 4500
999 _c7728
_d7728
020 _a69781408021163
050 _aHF 5681 PAL 2010
100 _aPalepu, Krishna G.
_eauthor
245 _aBusiness analysis & valuation :
_btext only /
_c Krishna Palepu, Paul Healy
250 _asecond edition
264 _aHampshire:
_bCengage Learning,
_c2010.
300 _a576p. :
500 _aIncludes index
650 _aBusiness enterprises
_xValuation
650 _aFinancial statements
700 _aHealy, Paul M
_eauthor
942 _2lcc
_cBK
_e2nd
_h5681
_iPAL
_k2010